000 00591nam a22000977a 4500
008 170213b xxu||||| |||| 00| 0 eng d
100 _aSchoberlin, Melvin
245 _aRyukyu Islands, lists of post offices under the administration of the United States Government (1945-1961)
260 _aPhiladelphia ; Yokosuka, Kanagawa, [Japan]
_bMogollon Press (Printed in Japan by Muramatsu Printing Co., Ltd. for distribution with Japanese Philately
_c1962
650 _aRyukyu Islands (1945-1972) | Post Offices | Postal History | 1945-1961 | United States -- Occupation of Ryukyu Islands | Post World War II
999 _c2255
_d2255